<?xml version="1.0" encoding="UTF-8"?>
<record
    xmlns:xsi="http://www.w3.org/2001/XMLSchema-instance"
    xsi:schemaLocation="http://www.loc.gov/MARC21/slim http://www.loc.gov/standards/marcxml/schema/MARC21slim.xsd"
    xmlns="http://www.loc.gov/MARC21/slim">

  <leader>02405nam a22002297a 4500</leader>
  <controlfield tag="001">6669</controlfield>
  <controlfield tag="003">FISKH</controlfield>
  <controlfield tag="005">20250519165632.0</controlfield>
  <controlfield tag="008">250519b        cb ||||| |||| 00| 0 eng d</controlfield>
  <datafield tag="040" ind1=" " ind2=" ">
    <subfield code="a">FISKH</subfield>
    <subfield code="b">khr</subfield>
    <subfield code="c">FISKH</subfield>
    <subfield code="d">FISKH</subfield>
  </datafield>
  <datafield tag="082" ind1=" " ind2=" ">
    <subfield code="a">510</subfield>
  </datafield>
  <datafield tag="100" ind1=" " ind2=" ">
    <subfield code="a">Somart, Chey</subfield>
  </datafield>
  <datafield tag="245" ind1=" " ind2=" ">
    <subfield code="a">&#x1780;&#x17C6;&#x178E;&#x17C2;-&#x179F;&#x17C6;&#x1793;&#x17BD;&#x179A;-&#x179B;&#x17C6;&#x17A0;&#x17B6;&#x178F;&#x17CB; &#x1782;&#x178E;&#x17B7;&#x178F;&#x179C;&#x17B7;&#x1791;&#x17D2;&#x1799;&#x17B6; &#x1790;&#x17D2;&#x1793;&#x17B6;&#x1780;&#x17CB;&#x1791;&#x17B8;&#x17E1;&#x17E0; /</subfield>
    <subfield code="c">&#x179A;&#x17C0;&#x1794;&#x179A;&#x17C0;&#x1784;&#x178A;&#x17C4;&#x1799; &#x1787;&#x17C3; &#x179F;&#x17C6;&#x17A2;&#x17B6;&#x178F; &#x1793;&#x17B7;&#x1784; &#x1787;&#x17D0;&#x1799; &#x179F;&#x17C6;&#x17A2;&#x17BB;&#x1793;&#x200B;</subfield>
  </datafield>
  <datafield tag="260" ind1=" " ind2=" ">
    <subfield code="a">&#x1797;&#x17D2;&#x1793;&#x17C6;&#x1796;&#x17C1;&#x1789; :</subfield>
    <subfield code="b">&#x178F;&#x17B6;&#x1793;&#x17CB; &#x1796;&#x1793;&#x17D2;&#x179B;&#x17BA;&#x1780; ,</subfield>
    <subfield code="c">&#x17E2;&#x17E0;&#x17E0;&#x17E8; .</subfield>
  </datafield>
  <datafield tag="300" ind1=" " ind2=" ">
    <subfield code="a">382 pages : </subfield>
    <subfield code="b">illustrations ; </subfield>
    <subfield code="c">15 cm . </subfield>
  </datafield>
  <datafield tag="520" ind1=" " ind2=" ">
    <subfield code="a">&#x17AF;&#x1780;&#x179F;&#x17B6;&#x179A;&#x1793;&#x17C1;&#x17C7;&#x1795;&#x17D2;&#x178F;&#x179B;&#x17CB;&#x1793;&#x17BC;&#x179C;&#x179F;&#x17C1;&#x1785;&#x1780;&#x17D2;&#x178A;&#x17B8;&#x179F;&#x1784;&#x17D2;&#x1781;&#x17C1;&#x1794;&#x179F;&#x1784;&#x17D2;&#x1781;&#x17C1;&#x1794;&#x1793;&#x17C3;&#x179F;&#x17C6;&#x1793;&#x17BD;&#x179A;&#x1792;&#x1798;&#x17D2;&#x1798;&#x178F;&#x17B6; &#x1793;&#x17B7;&#x1784;&#x1785;&#x1798;&#x17D2;&#x179B;&#x17BE;&#x1799;&#x179A;&#x1794;&#x179F;&#x17CB;&#x179C;&#x17B7;&#x1785;&#x17B7;&#x178F;&#x17D2;&#x179A;&#x179F;&#x17B6;&#x179F;&#x17D2;&#x178F;&#x17D2;&#x179A; &#x1790;&#x17D2;&#x1793;&#x17B6;&#x1780;&#x17CB;&#x1791;&#x17B8; &#x17E1;&#x17E0;&#x17D4; &#x179C;&#x17B6;&#x1794;&#x1784;&#x17D2;&#x17A0;&#x17B6;&#x1789;&#x1796;&#x17B8;&#x1794;&#x17D2;&#x179A;&#x1792;&#x17B6;&#x1793;&#x1794;&#x1791;&#x179F;&#x17C6;&#x1781;&#x17B6;&#x1793;&#x17CB;&#x17D7;&#x178A;&#x17BC;&#x1785;&#x1787;&#x17B6; &#x17A2;&#x17B6;&#x179B;&#x17CB;&#x1002;&#x17C1;&#x179A;&#x17C9;&#x17B6;, &#x179A;&#x17BC;&#x1794;&#x179C;&#x17B7;&#x1791;&#x17D2;&#x1799;&#x17B6;, &#x179F;&#x17D2;&#x1790;&#x17B7;&#x178F;&#x17B7; &#x1793;&#x17B7;&#x1784; &#x179F;&#x17CA;&#x17B8;&#x1793;&#x178F;&#x17D2;&#x179A;&#x17BC;&#x1793;&#x17BC;&#x1798;&#x17C9;&#x17C1;&#x178F;&#x17D2;&#x179A;&#x17B6; &#x178F;&#x17B6;&#x1798;&#x179A;&#x1799;&#x17C8;&#x1780;&#x17B6;&#x179A;&#x1785;&#x17B6;&#x1794;&#x17CB;&#x17A2;&#x17B6;&#x179A;&#x1798;&#x17D2;&#x1798;&#x178E;&#x17CD;&#x1791;&#x17C5;&#x179B;&#x17BE;&#x1785;&#x17C6;&#x178E;&#x17C1;&#x17C7;&#x178A;&#x17B9;&#x1784;&#x179F;&#x17C6;&#x1781;&#x17B6;&#x1793;&#x17CB;&#x17D7; &#x1793;&#x17B7;&#x1784;&#x179C;&#x17B7;&#x1792;&#x17B8;&#x179F;&#x17B6;&#x179F;&#x17D2;&#x178F;&#x17D2;&#x179A;&#x178A;&#x17C4;&#x17C7;&#x179F;&#x17D2;&#x179A;&#x17B6;&#x1799;&#x1794;&#x1789;&#x17D2;&#x17A0;&#x17B6;&#x17D4; &#x179F;&#x17C1;&#x1785;&#x1780;&#x17D2;&#x178A;&#x17B8;&#x179F;&#x1784;&#x17D2;&#x1781;&#x17C1;&#x1794;&#x1793;&#x17C1;&#x17C7;&#x1798;&#x17B6;&#x1793;&#x1794;&#x17C6;&#x178E;&#x1784;&#x1787;&#x17BD;&#x1799;&#x179F;&#x17B7;&#x179F;&#x17D2;&#x179F;&#x17D7;&#x1796;&#x17B7;&#x1793;&#x17B7;&#x178F;&#x17D2;&#x1799;&#x1798;&#x17BE;&#x179B;&#x179F;&#x1798;&#x17D2;&#x1797;&#x17B6;&#x179A;&#x17C8;&#x179F;&#x17C6;&#x1781;&#x17B6;&#x1793;&#x17CB;&#x17D7;&#x1794;&#x17B6;&#x1793;&#x1799;&#x17C9;&#x17B6;&#x1784;&#x1798;&#x17B6;&#x1793;&#x1794;&#x17D2;&#x179A;&#x179F;&#x17B7;&#x1791;&#x17D2;&#x1792;&#x1797;&#x17B6;&#x1796; &#x1793;&#x17B7;&#x1784;&#x179A;&#x17C0;&#x1794;&#x1785;&#x17C6;&#x179F;&#x1798;&#x17D2;&#x179A;&#x17B6;&#x1794;&#x17CB;&#x1780;&#x17B6;&#x179A;&#x1794;&#x17D2;&#x179A;&#x17A1;&#x1784;&#x178A;&#x17C4;&#x1799;&#x1780;&#x17B6;&#x179A;&#x1799;&#x179B;&#x17CB;&#x178A;&#x17B9;&#x1784;&#x17A2;&#x17C6;&#x1796;&#x17B8;&#x179B;&#x17C6;&#x1793;&#x17B6;&#x17C6;&#x179F;&#x17C6;&#x1793;&#x17BD;&#x179A;&#x1792;&#x1798;&#x17D2;&#x1798;&#x178F;&#x17B6; &#x1793;&#x17B7;&#x1784;&#x1785;&#x1798;&#x17D2;&#x179B;&#x17BE;&#x1799;&#x178F;&#x17D2;&#x179A;&#x17B9;&#x1798;&#x178F;&#x17D2;&#x179A;&#x17BC;&#x179C;&#x179A;&#x1794;&#x179F;&#x17CB;&#x1796;&#x17BD;&#x1780;&#x1782;&#x17C1;&#x17D4;</subfield>
  </datafield>
  <datafield tag="520" ind1=" " ind2=" ">
    <subfield code="a">This document provides a summarized overview of common questions and their solutions for 10th-grade mathematics. It covers key topics such as algebra, geometry, statistics, and trigonometry, highlighting essential concepts and problem-solving techniques. The summary aims to help students review important material efficiently and prepare effectively for exams by understanding typical question patterns and their correct solutions.</subfield>
  </datafield>
  <datafield tag="650" ind1=" " ind2=" ">
    <subfield code="a">&#x1782;&#x178E;&#x17B7;&#x178F;&#x179C;&#x17B7;&#x1791;&#x17D2;&#x1799;&#x17B6;&#x200B;</subfield>
  </datafield>
  <datafield tag="650" ind1=" " ind2=" ">
    <subfield code="a">Mathematics </subfield>
  </datafield>
  <datafield tag="942" ind1=" " ind2=" ">
    <subfield code="2">ddc</subfield>
    <subfield code="c">KHB</subfield>
    <subfield code="n">0</subfield>
  </datafield>
  <datafield tag="999" ind1=" " ind2=" ">
    <subfield code="c">6669</subfield>
    <subfield code="d">6669</subfield>
  </datafield>
  <datafield tag="952" ind1=" " ind2=" ">
    <subfield code="0">0</subfield>
    <subfield code="1">0</subfield>
    <subfield code="2">ddc</subfield>
    <subfield code="4">0</subfield>
    <subfield code="7">0</subfield>
    <subfield code="8">KH</subfield>
    <subfield code="a">002</subfield>
    <subfield code="b">002</subfield>
    <subfield code="c">SKB</subfield>
    <subfield code="d">2025-05-19</subfield>
    <subfield code="l">0</subfield>
    <subfield code="o">SOM 510</subfield>
    <subfield code="p">FISSE02625</subfield>
    <subfield code="r">2025-05-19 16:56:28</subfield>
    <subfield code="w">2025-05-19</subfield>
    <subfield code="y">KHB</subfield>
  </datafield>
</record>
